| 000 | 00000nam##2200000za#4500 |
| 001 | 9.665046 |
| 003 | CaOODSP |
| 005 | 20250611103619 |
| 007 | ta |
| 008 | 150407|2003||||xxc||||| f|0| 0 fre|d |
| 020 | |a0-662-67707-2 |
| 040 | |aCaOODSP|bfre |
| 041 | |aeng |
| 041 | |afre |
| 043 | |an-cn--- |
| 086 | 1 |aA22-341/2003 |
| 110 | 1 |aCanada. |bAgriculture et agroalimentaire Canada. |
| 245 | 10|aProgrammes visant les pesticides à usage limité et la réduction des risques liés aux pesticides : |baméliorer les méthodes de lutte antiparasitaire grâce à la nouvelle technologie |
| 260 | |aOttawa - Ontario : |bAgriculture et Agroalimentaire Canada |c2003. |
| 300 | |aTexte français, 11p. ; |c22 cm. |
| 500 | |aN.B.: Le numéro ISBN (0-662-67707) imprimé dans cette publication est incorrect. |
| 563 | |aCouverture souple |
| 590 | |a04-10|b2004-03-05 |
| 691 | 07|aPesticide|2gcpds |
| 776 | 0#|tProgrammes visant les pesticides à usage limité et la réduction des risques liés aux pesticides : |w(CaOODSP)9.631159 |
| 776 | 0#|tPesticide risk reduction and minor use programs : |w(CaOODSP)9.686696 |
| 791 | |tPesticide risk reduction and minor use programs : |eeng|w(CaOODSP)9.665045 |